| 000 | 006590000a22002170004500 | ||
|---|---|---|---|
| 003 | LK-CoMWRAF | ||
| 005 | 20231106150731.0 | ||
| 008 | 230817t1995 ||||| |||| 00| 0 eng d | ||
| 020 | _a0376042621 | ||
| 040 |
_aLK-CoMWRAF _dLK-CoMWRAF _eLK-CoMWRAF |
||
| 041 | _aeng | ||
| 082 |
_a745.594 _bSCH |
||
| 100 | _aSchneebeli-Morrell, Deborah | ||
| 245 |
_aChristmas Tree Decorations: _beasy to make projects to give and treasure |
||
| 260 |
_aMenlo Park: _bSunset Publishing Corporation, _c1995 |
||
| 300 | _a64 p. : col. ill. ; 21 cm. | ||
| 490 | _aKeepsake Crafts | ||
| 650 | _aCHRISTMAS DECORATIONS | ||
| 650 | _aChristmas tree-Decorations | ||
| 942 | _cBK | ||
| 999 |
_c1283 _d1283 |
||